000 00770nam a2200205Ii 4500
003 JO-AjNU
008 230605s9999||||xx |||||||||||||| ||und||
017 _a2009
040 _aJO-AjNU
_bara
_erda
_cJO-AjNU
041 _aara
050 1 4 _aHF5821.A2272 2009
100 3 _aتأليف: العبدلي، سمير / م.مشارك: قحطان العبدلي,
_eauthor
_933218
245 0 0 _aالترويج والاعلان =Advertising & Promotion
264 3 1 _aعمان: دار زهران للنشر والتوزيع، 2009
300 _a274ص
_bيحتوي على ببلوغرافية من ص269-274ص
336 _atext
_btxt
_2rdacontent
337 _aunmediated
_bn
_2rdamedia
338 _avolume
_bnc
_2rdacarrier
650 4 _aالترويج والاعلان
_933219
999 _aA13497
_c17065
_d17065